Statistics for Countries of Europe with some Difficulties

Click here to take the quiz!

General Stats

  • This quiz has been taken 18 times
  • The average score is 24 of 45

Answer Stats

Answer% Correct
Albania
100%
Andorra
94%
Austria
78%
Bosnia
78%
Belarus
72%
Belgium
72%
Denmark
72%
Croatia
67%
Czechia
67%
Estonia
67%
Finland
67%
France
67%
Hungary
67%
Iceland
67%
Bulgaria
61%
Germany
61%
Greece
61%
Ireland
61%
Liechtenstein
61%
Luxembourg
61%
Italy
56%
Kosovo
56%
Latvia
56%
Lithuania
56%
Malta
56%
Monaco
50%
United Kingdom
50%
Moldova
44%
Montenegro
44%
Netherlands
44%
Ukraine
44%
Norway
39%
Vatican
39%
Poland
33%
Portugal
33%
Serbia
33%
Slovakia
33%
Slovenia
33%
Spain
33%
Macedonia
28%
Romania
28%
Russia
28%
Sweden
28%
Switzerland
28%
San marino
22%

Score Distribution

Percentile by Number Answered

Percent of People with Each Score

Your Score History

You have not taken this quiz